| Tag |
First Indicator |
Second Indicator |
Subfields |
| LEADER |
00000cam a2200000Ia 4500 |
| 001 |
in00001619721 |
| 005 |
20151023060423.0 |
| 008 |
920207s1990 sz a b i100 0 eng d |
| 035 |
|
|
|a (OCoLC)ocm25235491
|
| 040 |
|
|
|a GIS
|c GIS
|d OCL
|d TXA
|d UtOrBLW
|
| 049 |
|
|
|a TXAM
|
| 090 |
|
|
|a QC851
|b .W164 no.50
|
| 111 |
2 |
|
|a TOGA Numerical Experimentation Group
|n (4th session :
|d 1990 :
|c Palisades, N.Y.)
|
| 245 |
1 |
0 |
|a TOGA Numerical Experimentation Group :
|b report of the fourth session, Lamont-Doherty Geological Observatory, Palisades, New York, U.S.A., 13-14 June 1990.
|
| 264 |
|
1 |
|a [Geneva, Switzerland] :
|b World Meteorological Organization,
|c [1990]
|
| 300 |
|
|
|a 1 volume (various pagings) :
|b illustrations ;
|c 30 cm.
|
| 336 |
|
|
|a text
|b txt
|2 rdacontent
|
| 337 |
|
|
|a unmediated
|b n
|2 rdamedia
|
| 338 |
|
|
|a volume
|b nc
|2 rdacarrier
|
| 490 |
1 |
|
|a WCRP ;
|v 50
|
| 490 |
1 |
|
|a WMO/TD ;
|v no. 393
|
| 500 |
|
|
|a At head of title: World Climate Programme Research.
|
| 500 |
|
|
|a "International Council of Scientific Unions, World Meteorological Organization, Intergovernmental Oceanographic Commission, Scientific Committee on Oceanic Research"
|
| 500 |
|
|
|a "November 1990"
|
| 500 |
|
|
|a Cover title.
|
| 504 |
|
|
|a Includes bibliographical references.
|
| 650 |
|
0 |
|a Marine meteorology
|x Mathematical models
|v Congresses.
|
| 650 |
|
0 |
|a Marine meteorology
|x Simulation methods
|v Congresses.
|
| 650 |
|
0 |
|a Ocean-atmosphere interaction
|x Mathematical models
|v Congresses.
|
| 650 |
|
0 |
|a Ocean-atmosphere interaction
|x Simulation methods
|v Congresses.
|
| 650 |
|
0 |
|a Marine geophysics
|x Mathematical models
|v Congresses.
|
| 650 |
|
0 |
|a Marine geophysics
|x Simulation methods DxCongresses.
|
| 710 |
2 |
|
|a World Climate Research Programme.
|
| 710 |
2 |
|
|a International Council of Scientific Unions.
|b Scientific Committee on Oceanic Research.
|
| 710 |
2 |
|
|a World Meteorological Organization.
|
| 710 |
2 |
|
|a Intergovernmental Oceanographic Commission.
|
| 830 |
|
0 |
|a WCRP (Series) ;
|v 50.
|
| 830 |
|
0 |
|a WMO/TD ;
|v no. 393.
|
| 994 |
|
|
|a E0
|b TXA
|
| 948 |
|
|
|a cataloged
|b h
|c 2001/7/12
|d c
|e jlanham
|f 9:27:01 am
|
| 999 |
|
|
|a MARS
|
| 999 |
f |
f |
|s 155be836-dd99-3207-9bb2-c944fee8b1ba
|i baa0fc9e-0cb0-3684-99a8-4f8d65a29dc8
|t 0
|
| 952 |
f |
f |
|p ric
|a Texas A&M University
|b Rellis Campus
|c Joint Library Facility
|s JLF
|d Remote Storage
|t 0
|e QC851 .W164 no.50
|h Library of Congress classification
|i unmediated -- volume
|m A14828721350
|
| 998 |
f |
f |
|a QC851 .W164 no.50
|t 0
|l Remote Storage
|